000 00519cam a2200217 4500
008 090401t1993 xxu||||| |||| 00| 0 eng d
020 _a1857280253
035 _a(Sirsi) u44113
041 _aeng
050 _a711
100 _aSimmie, James
245 _aPlanning at the crossroads.
260 _aLondon
_bUCL Press
_c1993
300 _axi,189p. ; 24cm.
350 _a12.95
650 _aCALIFORNIA
650 _aUNITED STATES
690 _aPLANNING LAW AND PRACTICE
942 _n0
948 _c04/03/1997
999 _c91439
_d91439